Plantas silvestres del partido de Tres Arroyos /
Guardado en:
| Autor Principal: | |
|---|---|
| Otros Autores: | |
| Formato: | Libro |
| Idioma: | Spanish |
| Publicado: |
Bahía Blanca :
el autor,
2014.
|
| Edición: | 1a ed. |
| Materias: | |
| Etiquetas: |
Agregar Etiqueta
Sin Etiquetas, Sea el primero en etiquetar este registro!
|
| LEADER | 00642nam a22001935a 4500 | ||
|---|---|---|---|
| 001 | EEA.libagro010100 | ||
| 008 | 140820s2014####ag############000#0#spa#d | ||
| 005 | 20211203092650.0 | ||
| 245 | 1 | 0 | |a Plantas silvestres del partido de Tres Arroyos / |c Carlos B. Villamil, Guillermo A. Martínez. |
| 250 | |a 1a ed. | ||
| 260 | |a Bahía Blanca : |b el autor, |c 2014. | ||
| 300 | |a 161 p. : |b fot. col ; |c 21 cm. | ||
| 500 | |a Incluye índices. | ||
| 020 | |a 9789873353345 | ||
| 100 | 1 | |a Villamil, Carlos B. | |
| 700 | 1 | |a Martínez, Guillermo A. | |
| 082 | 0 | 4 | |a 581.98212 |
| 651 | 7 | |a Tres Arroyos (Argentina) | |
| 859 | |a AR-BbBCA |b BIB. AGRONOMIA |h 581.98212 |i V715 |p 2014/6421 | ||
